840 rokov obce Medovarce 1156-1996

Podrobná bibliografia
Hlavný autor: Chrien, Ján (Autor)
Médium: Kniha
Jazyk:slovenčina
Fyzický popis:38 s., [10] s. obr. príl. Fotogr. 21 cm
Vydavateľské údaje: Medovarce Obecný úrad 1996
ISBN:8096757601
Predmet:

MARC

LEADER 00000nam a2200000 a 4500
001 vtls001221381
003 SK-MaSNL
005 20260301112600.0
008 251023s1996 xo a r y 0 slo
015 |a SNBA1997/0100127 
020 |a 8096757601  |c (300 výt.) 
035 |a SNK000166515 
035 |a urn:nbn:sk:snk-amkfgp 
035 |a urn:nbn:sk:snk-am003dv2 
035 |a 1F5F9A0E-16C1-424F-AD99-E377F58A1C8F 
040 |a SNK  |b slo  |c SNK  |e AACR2 
041 0 |a slo 
044 |a xo  |c SK 
080 |a 943.765.6-22"1156/1996"  |2 1981 
100 1 |a Chrien, Ján  |4 aut  |9 44478 
245 1 0 |a 840 rokov obce Medovarce 1156-1996  |c [autor: Ján Chrien] 
246 1 3 |a Osemstoštyridsať rokov obce Medovarce 1156-1996 
260 |a Medovarce  |b Obecný úrad  |c 1996 
300 |a 38 s., [10] s. obr. príl.  |b Fotogr.  |c 21 cm 
500 |a Údaj o aut. prevzatý z tiráže 
504 |a Bibliogr. s. 38 
648 7 |a 1156-1996  |2 SNKPH  |9 283819 
650 0 7 |a dejiny obcí  |2 SNKPH  |9 164834 
651 7 |a Medovarce (Slovensko)  |2 SNKPHgeo  |9 113732 
655 7 |a jubilejné publikácie  |2 SNKPH  |9 70339 
919 |a 80-967576-0-1 
958 |a OND 
958 |a TL 
958 |a NB 
999 |c 710949  |d 712879 
952 |t P60, <03>, [BOOK], {603}  |a SNK  |b SNK  |y PREZ  |7 0  |p 17A0014332  |o snkSC 91533  |i snkKSP 8901/96  |0 0  |1 0  |4 0  |d 1996-10-21  |f 1  |l 0  |r 2025-09-10 00:00:00  |w 2026-02-23 
952 |t P60, <09>, [BOOK], {629}  |a SNK  |b SNK  |y NEVYP  |7 0  |o snkC 1938  |i snk3629/961024  |0 0  |1 0  |4 0  |d 1996-10-21  |l 0  |r 2005-01-01 00:00:00  |w 2026-02-23 
952 |t P60, <04>, [BOOK], {604}  |a SNK  |b SNK  |y VYP  |7 0  |p 17A0014331  |o snkSC 91533 D1  |i snkKSP 8902/96  |0 0  |1 0  |4 0  |d 1996-10-21  |l 0  |r 2005-01-01 00:00:00  |w 2026-02-23